| 000 | 01065cab a2200337 4500 | ||
|---|---|---|---|
| 001 | ABS55933 | ||
| 008 | 090401t1996 xxu||||| |||| 00| 0 eng d | ||
| 035 | _a(Sirsi) u19909 | ||
| 041 | _aeng | ||
| 100 | _aCook, A. | ||
| 245 | _aRoofs | ||
| 260 | _c1996 | ||
| 350 | _a0 | ||
| 490 |
_aBuilding _v261(7962) 18 October 1996, 60-81(11) |
||
| 520 | _aFeature on roofs, includes articles on sliding roofs of Cardiff`s National Stadium and Bradford Superdome and eco-roofs of grass and gardens. Section on roofing products and their application. | ||
| 650 | _aBRADFORD SUPERDOME | ||
| 650 | _aCARDIFF NATIONAL STADIUM | ||
| 650 | _aECO-ROOFS | ||
| 650 | _aGREEN ROOFS | ||
| 650 | _aHORNIMAN MUSEUM | ||
| 650 | _aHYDROPLANTING | ||
| 650 | _aRETRACTABLE ROOFS | ||
| 650 | _aBUILT ENVIRONMENT-BUILDING ELEMENTS-COMPLETE BUILDING ELEMENTS-ROOFS | ||
| 650 | _aSLIDING ROOFS | ||
| 650 | _aSTADIA | ||
| 650 | _aWILDLIFE TRUST CENTRE | ||
| 690 | _aBUILT ENVIRONMENT-CONSTRUCTION DESIGN | ||
| 700 | _aHines, J. | ||
| 942 | _n0 | ||
| 948 | _c04/03/1997 | ||
| 999 |
_c13343 _d13343 |
||